[Event "Villa Guardia D Oro Cup 32nd"]
[Site "Villa Guardia"]
[Date "2014.11.01"]
[Round "4"]
[White "Villa, Martino"]
[Black "Ghezzi, Carlo"]
[Result "1-0"]
[WhiteElo "1425"]
[BlackElo "1649"]
[PlyCount "27"]
[EventDate "2014.10.26"]
[EventType "swiss"]
[EventRounds "6"]
[EventCountry "ITA"]
[SourceTitle "EXT 2016"]
[Source "ChessBase"]
[SourceDate "2015.10.08"]
[SourceVersion "1"]
[SourceVersionDate "2015.10.08"]
[SourceQuality "1"]

1. e4 g6 2. d4 d6 3. Nc3 Bg7 4. Be3 Nf6 5. f3 Bd7 6. Qd2 0-0 7. 0-0-0 a6 8. Bh6 b5 9. g4 b4 10. Nd5 Nxd5 11. exd5 a5 12. h4 c5 13. h5 g5 14. Qxg5 1-0